000 00422nam a2200169Ia 4500
008 230524s9999 xx 000 0 und d
082 _a621.382
_bBED
100 _aJ.S.Bedi
245 0 _aElectronics and Telecommunication Engineering (OQA)
250 _a5TH
260 _aNEW DELHI
_bKhanna
_c2002
300 _aVII;592
500 _aQuantity Number: 5
650 _aElectronics
700 _a H.M.Rai
942 _cBK
999 _c10000
_d10000